000 00531nam a2200205Ia 4500
005 20250923144249.0
008 008 250917s9999 xx 000 0 eng d
037 _aTextual
040 _aDSWL
_beng
_cDSWL
041 _aeng
_2eng
084 _aYX,zf4, N44
_qDSWL
100 _aRoy, S.C
_9822990
245 0 _aBlind in India & abroad
_cby S.C Roy
260 _aCalcutta
_c1944
300 _a254 p.
365 _aINR
_b3
925 _g3
942 _cTEXL
_hYX,zf4, N44
999 _c1436748
_d1436748